CIRAD 2002

में बचाया:
ग्रंथसूची विवरण
निगमित लेखक: Center de coopération internationale en recherche agronomique pour le développement
स्वरूप: मूलपाठ
प्रकाशित: Paris: Cirad
विषय:
टैग: टैग जोड़ें
कोई टैग नहीं, इस रिकॉर्ड को टैग करने वाले पहले व्यक्ति बनें!

MARC

LEADER 00000 a a2200000 04500
001 32983
003
040
090 |a 205900  
110 |a Center de coopération internationale en recherche agronomique pour le développement  
245 |a CIRAD 2002  
260 |a Paris:   |b Cirad  
300 |a 59 p.   |b il.  
650 |a INFORMES SOBRE PROYECTOS  
650 |a INFORMES DE ACTIVIDADES  
650 |a INVESTIGACION  
650 |a AGRONOMIA  
999 |c 14335  |d 14335